Red Hot Chili Peppers - Desecration Smile - Statistics

General Stats
  • This quiz has been taken 12 times
  • The average score is 238 of 288
Answer Stats
Answer % Correct
A
100%
Desecration
100%
face
100%
I
100%
is
100%
my
100%
My
100%
on
100%
smile
100%
the
100%
The
100%
and
90%
And
90%
but
90%
finish
90%
girl
90%
I'm
90%
in
90%
it
90%
never
90%
Never
90%
of
90%
or
90%
place
90%
quick
90%
slow
90%
Slow
90%
start
90%
time
90%
to
90%
wrong
90%
All
80%
all
80%
alone
80%
am
80%
Another
80%
by
80%
do
80%
go
80%
I've
80%
love
80%
myself
80%
not
80%
seen
80%
shape
80%
some
80%
someone
80%
your
80%
apart
70%
bad
70%
be
70%
black
70%
broken
70%
Broken
70%
could
70%
down
70%
else
70%
feeling
70%
for
70%
health
70%
It's
70%
it's
70%
just
70%
low
70%
made
70%
make
70%
noise
70%
oblivion
70%
one
70%
out
70%
record
70%
running
70%
space
70%
through
70%
undisturbed
70%
We
70%
when
70%
with
70%
bird
60%
Coca Cola
60%
coming
60%
destroyed
60%
doesn't
60%
falls
60%
from
60%
heard
60%
heavy
60%
I'd
60%
justice
60%
like
60%
luck
60%
Malibu
60%
metal
60%
new
60%
number
60%
rising
60%
seldom
60%
she
60%
something
60%
sun
60%
terror
60%
that
60%
There's
60%
think
60%
truck
60%
up
60%
come
50%
enjoys
50%
get
50%
rolling
50%
Serenaded
50%
wanna
50%
beneath
40%
Celebrated
40%
Disintegrated
40%
heather
40%
leave
40%
lies
40%
stuck
40%
meadowlark
30%
No matching quizzes found
Score Distribution
Percent of People with Each Score
Percentile by Number Answered
Your Score History
You have not taken this quiz